| 000 | 00369nam a2200133Ia 4500 | ||
|---|---|---|---|
| 005 | 20260328101455.0 | ||
| 008 | 260328s9999||||xx |||||||||||||| ||und|| | ||
| 100 | _adel Toro Gaytán, Martha Ruth | ||
| 245 | 0 |
_aEdificación sustentable en Jalisco / _cMartha Ruth del Toro Gaytán |
|
| 260 | _bPrometeo | ||
| 300 | _a302 p. | ||
| 650 | _aARQUITECTURA Y CLIMA | ||
| 942 | _cBK | ||
| 999 |
_c8814 _d8814 |
||